Tilastot visalle Kirjaimella T alkavien valtioiden liput

Klikkaa tästä pelataksesi tätä visaa!

Yleistilastot

  • Tätä visaa on pelattu 13 kertaa
  • Keskiarvotulos 13 / 14

Vastaustilastot

Vastaus% Oikein
Tanska
100%
Tšekki
100%
Turkki
100%
Taiwan
92%
Tansania
92%
Thaimaa
92%
Togo
92%
Trinidad ja Tobago
92%
Turkmenistan
92%
Tuvalu
92%
Tadžikistan
85%
Tunisia
85%
Tonga
77%
Tšad
69%

Tulosjakauma

Persentiili vastausten määrän mukaan

Jokaisen tuloksen saaneiden osuus

Tuloshistoriasi

Et ole pelannut tätä visaa